000 00786nam a22002177a 4500
005 20081021094941.0
008 081021t xxu||||| |||| 00| 0 eng d
010 _aENG-84186
020 _a8175413220
020 _c495.00 (hb)
035 _aEN-67719
082 _a338.90092
100 _aThorat, Sukhadeo
245 _aAmbedkar's role in economic planning water and power policy /
_cby Sukhadeo Thorat
260 _aDelhi
_bShipra Publications
260 _c2006
300 _ax,238p
_c22cm
500 _aIncludes bibliographical references and index
942 _2ddc
_cEN
_h338.90092
_mTHO
999 _c17148
_d17148